<?xml version="1.0" encoding="UTF-8"?><record xmlns="http://www.loc.gov/MARC21/slim" xmlns:zs="http://docs.oasis-open.org/ns/search-ws/sruResponse">
  <leader>03527ckm a22004813i 4500</leader>
  <controlfield tag="001">22134229</controlfield>
  <controlfield tag="005">20250607110310.3</controlfield>
  <controlfield tag="007">cr |||||||||||</controlfield>
  <controlfield tag="008">210708m19051909xx nnn       |o   inchi  </controlfield>
  <datafield ind1=" " ind2=" " tag="906">
    <subfield code="a">0</subfield>
    <subfield code="b">ibc</subfield>
    <subfield code="c">orignew</subfield>
    <subfield code="d">u</subfield>
    <subfield code="e">ncip</subfield>
    <subfield code="f">20</subfield>
    <subfield code="g">y-gencatlg</subfield>
  </datafield>
  <datafield ind1=" " ind2=" " tag="955">
    <subfield code="u">cc28 2023-01-06</subfield>
    <subfield code="u">cc30 2023-04-14</subfield>
  </datafield>
  <datafield ind1=" " ind2=" " tag="955">
    <subfield code="a">LCAP batch update 2025-06-02-04:00: LCAPM-999</subfield>
  </datafield>
  <datafield ind1=" " ind2=" " tag="010">
    <subfield code="a">  2021668886</subfield>
  </datafield>
  <datafield ind1=" " ind2=" " tag="035">
    <subfield code="a">22134229</subfield>
  </datafield>
  <datafield ind1=" " ind2=" " tag="035">
    <subfield code="a">(WDL)14618</subfield>
  </datafield>
  <datafield ind1=" " ind2=" " tag="040">
    <subfield code="a">DLC</subfield>
    <subfield code="b">eng</subfield>
    <subfield code="c">DLC</subfield>
  </datafield>
  <datafield ind1=" " ind2=" " tag="041">
    <subfield code="a">chi</subfield>
  </datafield>
  <datafield ind1=" " ind2=" " tag="066">
    <subfield code="c">$1</subfield>
  </datafield>
  <datafield ind1=" " ind2=" " tag="080">
    <subfield code="a">385</subfield>
  </datafield>
  <datafield ind1=" " ind2=" " tag="080">
    <subfield code="a">915</subfield>
  </datafield>
  <datafield ind1="0" ind2="0" tag="242">
    <subfield code="a">Construction Site of the New Dongyuan Railway Station.</subfield>
    <subfield code="y">eng</subfield>
  </datafield>
  <datafield ind1="0" ind2="0" tag="245">
    <subfield code="6">880-01</subfield>
    <subfield code="a">Dongyuan xin tian che zhan zuo gong jing.</subfield>
  </datafield>
  <datafield ind1="0" ind2="0" tag="880">
    <subfield code="6">245-01/$1</subfield>
    <subfield code="a">东园新添车站作工景.</subfield>
  </datafield>
  <datafield ind1=" " ind2=" " tag="260">
    <subfield code="a">Shanghai :</subfield>
    <subfield code="b">Tongsheng Photo Studio (Firm),</subfield>
    <subfield code="c">[1905 to 1909]</subfield>
  </datafield>
  <datafield ind1=" " ind2=" " tag="300">
    <subfield code="a">1 online resource.</subfield>
  </datafield>
  <datafield ind1=" " ind2=" " tag="336">
    <subfield code="a">still image</subfield>
    <subfield code="b">sti</subfield>
    <subfield code="2">rdacontent</subfield>
  </datafield>
  <datafield ind1=" " ind2=" " tag="337">
    <subfield code="a">computer</subfield>
    <subfield code="b">c</subfield>
    <subfield code="2">rdamedia</subfield>
  </datafield>
  <datafield ind1=" " ind2=" " tag="338">
    <subfield code="a">online resource</subfield>
    <subfield code="b">cr</subfield>
    <subfield code="2">rdacarrier</subfield>
  </datafield>
  <datafield ind1=" " ind2=" " tag="500">
    <subfield code="a">Title devised, in English, by Library staff.</subfield>
  </datafield>
  <datafield ind1=" " ind2=" " tag="500">
    <subfield code="a">Original resource extent: 1 photograph ; 27 x 21 centimeters.</subfield>
  </datafield>
  <datafield ind1=" " ind2=" " tag="520">
    <subfield code="a">This photograph shows the scene of the construction site of the Dongyuan railway station, located on the Jing-Zhang (or Beijing-Zhangjiakou) railroad line. The station building is constructed in the same style as the Juyongguan and Sanbao stations. The photograph is from Jing-Zhang lu gong cuo ying (Photographs of the Jing-Zhang Railway construction), an album issued in 1909 to mark the opening of the Beijing-Zhangjiakou Railway (formerly known as the Imperial Peking-Kalgan Railway), the first railroad in China designed, built, and financed by the Chinese, without foreign involvement. The photographs in the album were taken between 1905 and 1909 by the Tongsheng Photo Studio of Shanghai. The construction had three phases: the first line, from Fengtai to Nankou, was completed in September 1906. The second line, from Nankou to Kangzhuang, was completed in September 1908. The third part of the railroad, from Kangzhuang to Zhangjiakou, was finished in September 1909. The total length of the line, from Fengtai in Beijing to Zhangjiakou, was about 200 kilometers. The two-volume album depicts scenes along the railroad, including its main sections, railway stations, factory buildings, locomotives, bridges, and tunnels and culverts, as well as scenes of laborers at work during the construction and of the festivities celebrating the opening of the railway. Views and scenic spots at various stops along the line are clearly depicted, and provide a complete and systematic overview of the Beijing-Zhangjiakou railway at the time. Presented here is volume one.</subfield>
  </datafield>
  <datafield ind1="1" ind2=" " tag="535">
    <subfield code="3">Original resource at:</subfield>
    <subfield code="a">National Library of China.</subfield>
  </datafield>
  <datafield ind1=" " ind2=" " tag="546">
    <subfield code="a">Content in Chinese.</subfield>
  </datafield>
  <datafield ind1="0" ind2=" " tag="588">
    <subfield code="a">Description based on data extracted from World Digital Library, which may be extracted from partner institutions.</subfield>
  </datafield>
  <datafield ind1=" " ind2="0" tag="653">
    <subfield code="a">1905 to 1909</subfield>
  </datafield>
  <datafield ind1=" " ind2="0" tag="653">
    <subfield code="a">Construction</subfield>
    <subfield code="a">Description and travel</subfield>
    <subfield code="a">Jing-Zhang (Beijing-Zhangjiakou) Railway (China)</subfield>
    <subfield code="a">Laborers</subfield>
    <subfield code="a">Mountains</subfield>
    <subfield code="a">Railroad employees</subfield>
    <subfield code="a">Railroad stations</subfield>
    <subfield code="a">Railroad tracks</subfield>
    <subfield code="a">Railroads</subfield>
  </datafield>
  <datafield ind1=" " ind2=" " tag="720">
    <subfield code="a">Tongsheng Photo Studio (Firm)</subfield>
    <subfield code="e">Photographer.</subfield>
  </datafield>
  <datafield ind1=" " ind2=" " tag="752">
    <subfield code="a">China</subfield>
    <subfield code="b">Beijing</subfield>
    <subfield code="d">Changping</subfield>
  </datafield>
  <datafield ind1="0" ind2=" " tag="773">
    <subfield code="t">Photographs of the Jing-Zhang Railway Construction</subfield>
  </datafield>
  <datafield ind1="4" ind2="0" tag="856">
    <subfield code="d">gdcwdl</subfield>
    <subfield code="f">wdl_14618</subfield>
    <subfield code="u">https://hdl.loc.gov/loc.wdl/wdl.14618</subfield>
  </datafield>
  <datafield ind1=" " ind2=" " tag="952">
    <subfield code="a">Title revised per Asian Division.--cc28 2023-01-06</subfield>
  </datafield>
  <datafield ind1=" " ind2=" " tag="985">
    <subfield code="a">wdl/wdlpartner/wdlchina</subfield>
  </datafield>
  <datafield ind1=" " ind2=" " tag="991">
    <subfield code="b">s-Online</subfield>
    <subfield code="h">Electronic Resource</subfield>
  </datafield>
</record>
